Регионална библиотека "Любен Каравелов" - Русе

За жените и солта (Запис номер 435790)

MARC детайли
000 -Лидер
Контролно поле с фиксирана дължина 00938nam a2200253 a 4500
003 - Код на организацията, давaща контролен номер
Контролно поле BLK
005 - Дата и час на последна редакция
Контролно поле 20250509120448.0
008 - Елементи от данни с фиксирана дължина
fixed length control field 210816b bul|||||r ||||||| ||bul||
020 ## - Международен стандартен номер на книга ISBN
Международен стандартен номер на книга ISBN 9789542836278
040 ## - Източник на каталожния запис
Идентификатор на билиотеката - собственик на записа BLK
041 ## - Код за език
Код за езика на текст/звукозапис или на отделно заглавие Български
Код за езика КДБФ Български
080 ## - УДК
Текстов определител УДК Кубинска литература
УДК код - определител по УДК 821.134.2(729.1)
УДК определител -31
УДК - код + определител 821.134.2(729.1)-31
100 ## - Редна дума - Автор
Автор Гарсия, Габриела
Авторска отговорност първи автор
R(LIN) 466856
139 ## - Редно поле
Редна дума Гарсия, Габриела
Авторски знак Гар - Г 23
245 10 - Сведения за заглавието
Заглавие За жените и солта
Подзаглавни данни Роман
Редно поле (дума) Габриела Гарсия ; прев. Паулина Мичева
260 ## - Област на издателските данни
Място на издаване, разпространение и проч. София
Име на издателя, разпространителя и проч. Сиела Норма
Година на издаване 2021
9 (RLIN) 217021
300 ## - Физическа характеристика
Страници 250 с.
Размери/Мащаб 21 см
380 ## - Жанр
Жанр Худож. лит.
700 ## - Други автори (авторска отговорност)
Лично име Мичева, Паулина Стойчева
9 (RLIN) 368043
852 ## - Местоположение
Фондова буква Заемна - подръчен фонд
Систематично-азбучна сигнатура 821-31/Г 23 Г
999 ## - СИСТЕМНИ КОНТРОЛНИ НОМЕРА
Koha biblionumber 435790
Koha biblioitemnumber 435790
942 ## - АРТИКУЛИ
Вид на библиотечния материал Книги
Скрит в OPAC Не
Периодичен библиозапис Да
Koha issues (borrowed), all copies 34
944 ## - СЪЗДАВАНЕ И РЕДАКЦИЯ на ЗАПИСА
Създаване/Редакция Създаване
Дата на регистрацията/редакция 2021-11-04
Служител, извършил регистрацията/редакцията 30542
Статус, дата на статуса Русанова Ирена
999 ## - СИСТЕМНИ КОНТРОЛНИ НОМЕРА
Koha biblioitemnumber 435775
Наличности
Код за отписване Код за изгубен артикул Източник на класификационната схема Код за повреда Коз за рестрикции Код за отдаване Артикулен № Име на библиотеката - собственик Име на библиотеката, в която се намира в момента Статус (Текущо местоположение) Дата на вписване в системата Местоположение - отдел Цена в лева Систематично азбучна сигнатура Баркод Цена в евро Служебен тип на артикула
  Не е изгубен Universal Decimal Classification Не е повреден без рестрикции заемане за дома 863725 Регионална библиотека "Любен Каравелов" Русе Регионална библиотека "Любен Каравелов" Русе Заемна - подръчен фонд 2021-11-25 Заемна - подръчен фонд 7.95 821-31/Г 23 Г 120000863104 4.06 Книги
  Не е изгубен Universal Decimal Classification Не е повреден без рестрикции заемане за дома 863726 Регионална библиотека "Любен Каравелов" Русе Регионална библиотека "Любен Каравелов" Русе Заемна - подръчен фонд 2021-11-25 Заемна - подръчен фонд 7.95 821-31/Г 23 Г 120000863103 4.06 Книги
Vip Innovations Ltd, Rousse, Bulgaria 2025